000 00456nam a2200181 a 4500
001 8957
003 CO-ViMGA
008 141112s2004 ck r 000 u spa d
020 _a9580406804
040 _aCO-ViMGA
_bspa
_cCO-ViMGA
082 0 4 _a646.78 B377
100 1 _aBrazelton, T.Berry
_99182
245 1 0 _aCómo conciliar trabajo y familia
260 _aBarcelona.Norma.l988
300 _a204.p.
650 1 4 _aTRABAJO Y FAMILIA
_99183
942 _2ddc
_cBK
999 _c20545
_d20545